Arya samaj: An account of its origin, doctrines and activities with a biological sketch of the founder (Record no. 394314)
[ view plain ]
| 000 -LEADER | |
|---|---|
| fixed length control field | 00525 a2200181 4500 |
| 005 - DATE & TIME | |
| control field | 20260116163633.0 |
| 008 - FIXED-LENGTH DATA ELEMENTS--GENERAL INFORMATION | |
| fixed length control field | 260115b |||||||| |||| 00| 0 eng d |
| 020 ## - ISBN | |
| International Standard Book Number | 9789391109035 |
| Price | Rs. 995.00 |
| 040 ## - CATALOGING SOURCE | |
| Original cataloging agency | VIVEKANANDA LIBRARY |
| 082 ## - DDC NUMBER | |
| Classification number | 294.5563 |
| Book Number | R13A |
| 100 ## - MAIN ENTRY--PERSONAL NAME | |
| Personal name | Rai, Lajpat |
| 245 ## - TITLE STATEMENT | |
| Title | Arya samaj: An account of its origin, doctrines and activities with a biological sketch of the founder |
| 260 ## - PUBLICATION, DISTRIBUTION, ETC. (IMPRINT) | |
| Name of publisher, distributor, etc | The Readers Paradise |
| Place of publication, distribution, etc | New Delhi |
| Date of publication, distribution, etc | 2025 |
| 300 ## - PHYSICAL DESCRIPTION | |
| Pages | 190 |
| 650 ## - Subject | |
| Subject | Religion |
| 650 ## - Subject | |
| Subject | Arya Samaj |
| 942 ## - ADDED ENTRY ELEMENTS (KOHA) | |
| Koha item type | Books |
| Withdrawn status | Lost status | Source of classification or shelving scheme | Damaged status | Not for loan | Location (home branch) | Sublocation or collection (holding branch) | Shelving location | Date acquired | Koha issues (times borrowed) | Koha full call number | Accession No. | Koha date last seen | Koha item type |
|---|---|---|---|---|---|---|---|---|---|---|---|---|---|
| Dewey Decimal Classification | VIVEKANANDA LIBRARY | VIVEKANANDA LIBRARY | Vivekananda Library | 18/12/2025 | 294.5563 R13A | 443759 | 18/12/2025 | Books |
